Moudrost Morrieho jak žít a stárnout tvořivě, aktivně a radostně

Bibliographic Details
Main Author: Schwartz, Morris S., 1916-1995 (Author)
Other Authors: Schwartz, Rob (Editor), Škaloudová, Lada (Translator)
Format: Book
Language:Czech
English
PhysicalDescription:277 strán 21 cm
Published: Bratislava Noxi, s.r.o. 2024
ISBN:9788081116650
Edition:Vydání první
Subjects:

MARC

LEADER 00000cam a2200000 4500
001 vtls012269114
003 SK-MaSNL
005 20260302095703.0
008 250110s2024 xo g hn 000 0acze
015 |a SNBA2025/02 
020 |a 9788081116650  |q (viazané) 
040 |a SNK  |b slo  |c SNK  |e rda 
041 1 |a cze  |h eng 
043 |a n-xxu-- 
044 |a xo  |c SK 
072 7 |a 929  |x Biografie  |2 konspekt 
080 |a 612.67  |2 2011 
080 |a 616-036.88-052  |2 2011 
080 |a 159.923-044.332  |2 2011 
080 |a 17.02  |2 2011 
080 |a (73)  |2 2011 
080 |a (0:82-32)  |2 2011 
080 |a 929(092)  |2 2011 
100 1 |a Schwartz, Morris S.,  |d 1916-1995  |4 aut  |9 512063 
240 1 4 |a The Wisdom of Morrie  |l Slovensky 
245 1 0 |a Moudrost Morrieho  |b jak žít a stárnout tvořivě, aktivně a radostně  |c Morrie Schwartz ; upravil Rob Schwartz ; z anglického originálu The Wisdom of Morrie ... přeložila Lada Škaloudová 
250 |a Vydání první 
264 1 |a Bratislava  |b Noxi, s.r.o.  |c 2024 
300 |a 277 strán  |c 21 cm 
336 |a text  |b txt  |2 rdacontent 
337 |a bez média  |b n  |2 rdamedia 
338 |a zväzok  |b nc  |2 rdacarrier 
504 |a Obsahuje bibliografické odkazy 
600 1 7 |a Schwartz, Morris S.,  |d 1916-1995  |2 SNKMA  |9 512063 
650 0 7 |a staroba  |2 SNKPH  |9 13891 
650 0 7 |a starnutie  |2 SNKPH  |9 2599 
650 0 7 |a nevyliečiteľne chorí  |2 SNKPH  |9 82345 
650 0 7 |a adaptácia (psychológia)  |2 SNKPH  |9 238967 
650 0 7 |a zmysel života  |2 SNKPH  |9 4977 
650 0 7 |a Old age  |2 SNKPHeng  |9 318535 
650 0 7 |a Aging  |2 SNKPHeng  |9 291390 
650 0 7 |a Incurables  |2 SNKPHeng  |9 339806 
650 0 7 |a Adaptation (psychology)  |2 SNKPHeng  |9 401020 
650 0 7 |a Sense of life  |2 SNKPHeng  |9 270861 
651 7 |a Spojené štáty americké  |2 SNKPHgeo  |9 18262 
651 7 |a United States  |2 SNKPHeng  |9 281561 
655 7 |a príbehy  |2 SNKPH  |9 70507 
655 7 |a biografie  |2 SNKPH  |9 27965 
655 7 |a Stories  |2 SNKPHeng  |9 265785 
655 7 |a Biography  |2 SNKPHeng  |9 266314 
700 1 |a Schwartz, Rob  |4 edt  |9 512064 
700 1 |a Škaloudová, Lada  |4 trl  |9 769177 
852 |a Slovenská národná knižnica 
919 |a 978-80-8111-665-0 
954 |a odborná, vedecká literatúra cudzojazyčná (svetová)  |2 lita 
954 |a beletria cudzojazyčná (svetová)  |2 lita 
958 |a NB 
958 |a UP 
968 |b ENG 
999 |c 1217813  |d 1219743 
952 |a SNK  |b SNK  |y PREZ  |7 0  |p 17A1563402  |o snkSC 208870  |i snk2025/270  |8 0  |0 0  |1 0  |4 0  |d 2025-01-10  |f 1  |l 0  |r 2025-11-03 00:00:00  |w 2026-02-24 
952 |a SNK  |b SNK  |y VYP  |7 0  |p 17A1563401  |o snkSC 208870 D1  |i snk2025/271  |8 0  |0 0  |1 0  |4 0  |d 2025-01-10  |l 0  |r 2026-02-24 23:34:23  |w 2026-02-24